| 000 | 00612nam a22001937a 4500 | ||
|---|---|---|---|
| 005 | 20240119111145.0 | ||
| 010 | _aENG-138948 | ||
| 020 |
_c3295.00 _a9789395116244 |
||
| 035 | _aEN-1224480 | ||
| 037 | _bDBAD/PUB | ||
| 082 | _a346.0160954 | ||
| 100 |
_aDesai, Kumud _961110 |
||
| 245 | _aIndian Law of MARRIAGE & DIVORCE / | ||
| 260 |
_aGurgaon _bLexis Nexis _c2023 |
||
| 270 |
_bGurgaon _a14th floor, BUILDING No 10, Tower-B DLF Cyber City, Phase-II , Gurgaon _e122002 |
||
| 300 |
_a2024 p. _c25cm(Hbk) |
||
| 710 |
_aRoma Chatterjee _eEditor _959600 |
||
| 942 |
_2ddc _cEN _h346.0160954 _mDES |
||
| 999 |
_c200265 _d200265 |
||